LEADER 01235nam a2200325 a 4500 001 000000130925 003 CaOOAMICUS 005 20121011114852.0 008 121011s1990 it u000 u ita r 020 $a88-15-02496-4 040 $aPUL$bita 041 1 $aita$hfre 100 1 $aBataille, Georges.$0(OLS)http://pul/name/83941 240 10$aSouveraineté.$lItaliano.$0(OLS)http://pul/title/165463 245 13$aLa sovranità /$cGeorges Bataille. 260 $aBologna :$bIl Mulino,$c©1990. 300 $a268 p. ;$c21 cm. 490 1 $aIntersezioni ;$v75 500 $aInclude indici e bibliografia di riferimento. 650 4$aCrociate$ySec. XV.$0(OLS)http://pul/subject/11409 650 4$aSovranità.$0(OLS)http://pul/subject/18457 830 0$aIntersezioni (Il Mulino) ;$v75.$0(OLS)http://pul/title/12445 850 $aPUL 852 $aPUL$W1$xDP1 Fondo E. Rossi$y115$m1 B 38$j41744$qFondi$B150084$CPULBib$Z2$F150084 $82 941 1 $a1 961 $aSul dorso collocazione ms. di E. Rossi: B 29 1 996 $6020$a88-15-02496-4$9(OLS)http://pul/number/150878 996 $6245$aLa sovranità$9(OLS)http://pul/title/55145 996 $6260$aBologna :$bIl Mulino$9(OLS)http://pul/publisher/47928 LEADER 01849nam a2200289 u 4500 001 000000035259 003 CaOOAMICUS 005 20070226112551.0 008 980223s1962 it u000 u ita u 035 $a10783797 040 $aPUL(R)$bita 041 1 $aita$alat 110 2 $aPapi (1958-1963 : Iohannes PP. XXIII).$0(OLS)http://pul/name/18013 245 12$aL'enciclica {mlrhring}Mater et magistra{AF} sopra i recenti sviluppi della questione sociale alla luce della dottrina cristiana :$btesto latino e italiano ad uso degli studiosi e delle scuole /$cGiovanni XXIII. 246 35$aLettera enciclica della santità di Nostro Signore Giovanni per divina provvidenza Papa XXIII ... su i recenti sviluppi della Questione sociale nella luce della dottrina cristiana 260 $a[Città del Vaticano] :$btipografia poliglotta vaticana,$c1962. 300 $a150 p. ;$c24 cm 650 4$aQuestione sociale.$0(OLS)http://pul/subject/2747 850 $aPUL 852 $aPUL$W1$xDP1 Cons. Gen., Altre Classi 1$y22$m43 G 65$j48291$nBK-PRI$b $qStampati$B48291$CPULBib$Z2$F48291 $H $81 900 $aIohannes PP.$bXXIII,$cs.,$d1881-1963$918013 900 $aIohannes PP.$bXXIII,$cs.,$d1881-1963$918013 941 1 $a8 961 $aINV: 76988 996 $6245$aL'enciclica {mlrhring}Mater et magistra{AF} sopra i recenti sviluppi della questione sociale alla luce della dottrina cristiana :$btesto latino e italiano ad uso degli studiosi e delle scuole$9(OLS)http://pul/title/48516 996 $6246$aLettera enciclica della santità di Nostro Signore Giovanni per divina provvidenza Papa XXIII ... su i recenti sviluppi della Questione sociale nella luce della dottrina cristiana$9(OLS)http://pul/title/48517 996 $6260$a[Città del Vaticano] :$btipografia poliglotta vaticana$9(OLS)http://pul/publisher/62413 LEADER 00932nam a2200217 u 4500 001 000000118668 003 CaOOAMICUS 005 20091209115931.0 008 091209s1976 pk u000 u eng r 040 $aPUL$bita$dMCT 100 1 $aKhattak, Mustafa K.$0(OLS)http://pul/name/74144 245 10$aIslam, the holy prophet and non-muslim world /$cMustafa K. Khattak. 260 $aLahore :$bSind Sagar Academy,$c1976. 300 $axi, 186 p. ;$c22 cm 504 $aInclude riferimenti bibliografici. 650 4$aIslamismo$xCritica e interpretazione.$0(OLS)http://pul/subject/5701 850 $aPUL 852 $aPUL$W1$xDP1 Cons. Gen., Altre Classi 1$y22$m780 I 74$j136155$qStampati$B135143$CPULBib$Z2$F135143 $H67486 $82 941 1 $a8 996 $6245$aIslam, the holy prophet and non-muslim world$9(OLS)http://pul/title/149349 996 $6260$aLahore :$bSind Sagar Academy$9(OLS)http://pul/publisher/80997 LEADER 01401nam a2200289 a 4500 001 000000121893 003 CaOOAMICUS 005 20100521144522.0 008 100521t20092010it u000 u ita d 040 $aPUL$bita$dReb 082 04$a850 100 1 $aTasso, Torquato,$d1544-1595.$0(OLS)http://pul/name/10053 245 10$aGerusalemme liberata /$cTorquato Tasso; a cura di Franco Tomasi. 260 $aMilano :$bBUR ;$aMilano :$bR.C.S. Libri,$c©2009-2010 . 300 $a2 v. ;$c19 cm 490 1 $aGrandi classici della letteratura italiana ;$v23-24 504 $aIncludono riferimenti bibliografici ed indice. 700 1 $aTomasi, Franco.$0(OLS)http://pul/name/76381 830 0$aGrandi classici della letteratura italiana ;$v23-24.$0(OLS)http://pul/title/150407 850 $aPUL 852 $aPUL$W1$xDP2 Cons. Gen., Altre Classi 3$y97$m850 COLL 3.23$j139893$av. 1$qDDC 21$B139081$CPULBib$Z2$F139081 $H113907 $82 852 $aPUL$W1$xDP2 Cons. Gen., Altre Classi 3$y97$m850 COLL 3.24$j139894$av. 2$qDDC 21$B139082$CPULBib$Z2$F139082 $H113908 $82 941 1 $a9 996 $6082$a850$9(OLS)http://pul/classification/488 996 $6245$aGerusalemme liberata$9(OLS)http://pul/title/132031 996 $6260$aMilano :$bBUR$9(OLS)http://pul/publisher/70068 996 $6260$aMilano :$bR.C.S. Libri$9(OLS)http://pul/publisher/74600 LEADER 01180nam a2200289 a 4500 001 000000137496 003 CaOOAMICUS 005 20140225134732.0 008 140225s1996 it u000 u ita r 020 $a88-7989-216-9 040 $aPUL$bita 100 1 $aPapuzzi, Alberto.$0(OLS)http://pul/name/43857 245 10$aManuale del giornalista :$btecniche e regole di un mestiere /$cAlberto Papuzzi. 250 $aNuova ed. riveduta e ampliata. 260 $aRoma :$bDonzelli,$c1996. 300 $aXL, 222 p. ;$c21 cm 490 1 $aSaggi. Storia e scienze sociali 504 $aBibliografia in nota. 650 4$aGiornalismo.$0(OLS)http://pul/subject/19517 830 0$aSaggi.$pStoria e scienze sociali.$0(OLS)http://pul/title/174078 850 $aPUL 852 $aPUL$W1$xDP1 Fondo E. Rossi$y115$m6 A 95$j158504$qFondi$B158021$CPULBib$Z2$F158021 $82 941 1 $a1 961 $aSul dorso collocazione ms. di E. Rossi: Com G P 3 996 $6020$a88-7989-216-9$9(OLS)http://pul/number/154601 996 $6245$aManuale del giornalista :$btecniche e regole di un mestiere$9(OLS)http://pul/title/174077 996 $6260$aRoma :$bDonzelli$9(OLS)http://pul/publisher/60096 LEADER 01329nam a2200277 a 4500 001 000000146193 003 CaOOAMICUS 005 20151002112500.0 008 151002s2013 gau u000 u eng r 020 $z9781589838925* 040 $aPUL$bita 100 1 $aKelber, Werner.$0(OLS)http://pul/name/35766 245 10$aImprints, voiceprints, and footprints of memory :$bcollected essays of Werner H. Kelber /$cby Werner H. Kelber. 260 $aAtlanta :$bSociety of Biblical Literature,$c2013. 300 $axxii, 507 p. ;$c23 cm. 490 1 $aSociety of Biblical Literature. Resources for Biblical Study ;$v74 504 $aBibliografia in nota. 630 04$aBiblia.$pN.T.$xCritica e interpretazione.$0(OLS)http://pul/subject/1926 830 0$aSociety of Biblical Literature.$pResources for Biblical Study ;$v74.$0(OLS)http://pul/title/167131 850 $aPUL 852 $aPUL$W1$xSL Religione 1$y3$m5 P 2.74$j169070$qStampati$B169854$CPULBib$Z2$F169854 $H126309 $81 941 1 $a8 996 $6020$z9781589838925*$9(OLS)http://pul/number/158772 996 $6245$aImprints, voiceprints, and footprints of memory :$bcollected essays of Werner H. Kelber$9(OLS)http://pul/title/184825 996 $6260$aAtlanta :$bSociety of Biblical Literature$9(OLS)http://pul/publisher/68936 LEADER 01225naa a2200253 u 4500 001 000000101978 003 CaOOAMICUS 005 20070226130209.0 008 060323s1962 it u000 u ita u 035 $a11082654 040 $aIAR$bita 041 0 $aita$bger 100 1 $aGentile, Marino,$d1906-1991.$0(OLS)http://pul/name/4220 245 13$aLe esigenze contrastate di una nuova filosofia italiana /$cMarino Gentile. 260 $aMerano/Meran :$bIst.culturale italo-tedesco,$c1962. 300 $aS. 245-286 ;$c25 cm 500 $adeutsche Zusammenfassung 500 $aIAR: FF-117.03 773 0 $aDas Antlitz der deutschen und italienischen Kultur nach dem Zweiten Weltkrieg. 773 0 $aIl volto della cultura italiana e tedesca del socondo dopoguerra. 773 0 $aDeutsch-italienisches Kulturinstitut in Südtirol; Akten.$gIII (1962) 773 0 $aAccademia di studi italo-tedeschi (Merano)$tIl volto della cultura italiana e tedesca del secondo dopoguerra nel quadro dell'unità culturale europea$gIII (1962)$w()22991 996 $6245$aLe esigenze contrastate di una nuova filosofia italiana$9(OLS)http://pul/title/128886 996 $6260$aMerano/Meran :$bIst.culturale italo-tedesco$9(OLS)http://pul/publisher/79184 LEADER 01076nam a2200277 a 4500 001 000000142449 003 CaOOAMICUS 005 20150324112805.0 008 150324s1994 it u000 u ita r 020 $a88-420-4470-9 040 $aPUL$bita 100 1 $aLe Goff, Jacques,$d1924-2014.$0(OLS)http://pul/name/469 245 12$aL'Europa medievale e il mondo moderno /$cJacques Le Goff. 260 $aRoma ;$aBari :$bLaterza,$c1994. 300 $a65 p. ;$c17 cm 490 1 $aIl nocciolo ;$v01 651 4$aEuropa$xStoria.$0(OLS)http://pul/subject/6892 830 3$aIl nocciolo ;$v01.$0(OLS)http://pul/title/66799 850 $aPUL 852 $aPUL$W1$xDP1 Fondo Capitani$y116$m10 E 36$j43757$qFondi$B164532$CPULBib$Z2$F164532 $HCap1805 $82 941 1 $a1 961 $aNota ms. di possesso: Capitani. 996 $6020$a88-420-4470-9$9(OLS)http://pul/number/157255 996 $6245$aL'Europa medievale e il mondo moderno$9(OLS)http://pul/title/180306 996 $6260$aRoma ;$aBari :$bLaterza$9(OLS)http://pul/publisher/57682 LEADER 01447namaa2200385 i 4500 001 000000178101 003 CaOOAMICUS 005 20250926124241.0 007 tu 008 250926s1987 it 000 u ita r 020 $a88-05-03919-5* 040 $aPUL$bita$erda 082 0 $a241.4 100 1 $aQuoist, Michel,$csacerdote,$d1921-1997,$eautore.$0(OLS)http://pul/name/13995 240 10$aParle-moi d'amour$lItaliano.$0(OLS)http://pul/title/219657 245 10$aParlami d'amore /$cMichel Quoist. 264 4$c©1987. 264 1$aTorino :$bSEI,$c[1987] 300 $a218 pagine ;$c22 cm 336 $atesto$btxt$2rdacontent 337 $asenza mediazione$bn$2rdamedia 338 $avolume$bnc$2rdacarrier 490 1 $aLiving ;$v 500 $aTraduzione italiana di Cesare Greppi. 650 4$aAmore$xConcezione cristiana.$0(OLS)http://pul/subject/45910 830 0$aLiving.$0(OLS)http://pul/title/219658 850 $aPUL 852 $aPUL$W1$xDP1 Fondo Liberati$y125$m2 D 24$j157146$qFondi$B207115$CPULBib$Z2$F207115 $HLib42 $82 941 1 $a1 996 $6020$a88-05-03919-5*$9(OLS)http://pul/number/170604 996 $6082$a241.4$9(OLS)http://pul/classification/1773 996 $6245$aParlami d'amore$9(OLS)http://pul/title/219656 996 $6264$aTorino :$bSEI$9(OLS)http://pul/publisher/47967 996 $6264$a[S.l.] :$b[s.n.]$9(OLS)http://pul/publisher/0